عبد الله بن عمر بن الخطاب رضي الله عنه / (رقم التسجيلة. 104981)

تفاصيل مارك
000 -LEADER
fixed length control field 00858nam a22002417a 4500
005 - DATE AND TIME OF LATEST TRANSACTION
control field 20251108173501.0
008 - FIXED-LENGTH DATA ELEMENTS--GENERAL INFORMATION
fixed length control field 250721s2002 xx 000 0 ara d
082 14 - DEWEY DECIMAL CLASSIFICATION NUMBER
Classification number ط/219.5/إبر
100 1# - MAIN ENTRY--PERSONAL NAME
Personal name ابراهيم، عبد القادر الشيخ
245 10 - TITLE STATEMENT
Title عبد الله بن عمر بن الخطاب رضي الله عنه /
250 ## - EDITION STATEMENT
Edition statement ط2
264 1# - PRODUCTION, PUBLICATION, DISTRIBUTION, MANUFACTURE, AND COPYRIGHT NOTICE
Place of production, publication, distribution, manufacture حلب :
Name of producer, publisher, distributor, manufacturer دار القلم العربي،
Date of production, publication, distribution, manufacture, or copyright notice 2002.
300 ## - PHYSICAL DESCRIPTION
Extent 16ص.
490 0# - SERIES STATEMENT
Series statement فجر الهدى والأيمان : من سفراء الأسلام
Volume/sequential designation 5
650 17 - SUBJECT ADDED ENTRY--TOPICAL TERM
Topical term or geographic name as entry element الصحابة والتابعين
650 17 - SUBJECT ADDED ENTRY--TOPICAL TERM
Topical term or geographic name as entry element السيرة النبوية
650 17 - SUBJECT ADDED ENTRY--TOPICAL TERM
Topical term or geographic name as entry element السفراء
653 ## - INDEX TERM--UNCONTROLLED
Uncontrolled term ناشئون صغار (10-14 سنة)
653 ## - INDEX TERM--UNCONTROLLED
Uncontrolled term عبدالله بن عمر بن الخطاب
700 1# - ADDED ENTRY--PERSONAL NAME
Personal name فرهود، أحمد عبد الله
942 ## - ADDED ENTRY ELEMENTS (KOHA)
Source of classification or shelving scheme Dewey Decimal Classification
Koha item type كتب
المقتنيات
حالة السحب حالة الفقدان مصدر التصنيف حالة التلف غير قابل للإعارة المكتبة الرئيسية المكتبة الحالية موقع الرف تاريخ التزويد الرقم المتسلسل Total Checkouts رقم الإستدعاء الباركود تاريخ آخر ظهور تاريخ الفاتورة نوع المادة (كوها)
    Dewey Decimal Classification     مكتبة البشائر للأطفال مكتبة البشائر للأطفال الإعارة 06/05/2015 527810   ط/219.5/إبر PLD00322947 28/07/2025 06/05/2015 كتب
    Dewey Decimal Classification     مكتبة الأميرة سلمى مكتبة الأميرة سلمى الأطفال 28/07/2025 567026   ط/219.5/إبر 567026 28/07/2025 28/07/2025 كتب
    Dewey Decimal Classification     مكتبة الياسمين للأطفال مكتبة الياسمين للأطفال الأطفال 30/03/2014 558253   ط/219.5/إبر PLD00297132 28/07/2025 30/03/2014 كتب
    Dewey Decimal Classification     مكتبةمؤتة مكتبةمؤتة الأطفال 27/06/2014 628780   ط/219.5/إبر PLD00331088 28/07/2025 27/06/2014 كتب
Implemented & Customized by: BBB with SCIT (Smart Chains for Information Technology)

Powered by Koha